[Event "CHI-ch"]
[Site "Las Condes"]
[Date "2022.02.27"]
[Round "11"]
[White "Bahamondes Ortiz, Benjamin"]
[Black "Vergara Rozas, Jose Francisco"]
[Result "1/2-1/2"]
[WhiteElo "2164"]
[BlackElo "2044"]
[PlyCount "63"]
[EventDate "2022.02.18"]
[EventType "tourn"]
[EventRounds "11"]
[EventCountry "CHI"]
[SourceTitle "CBM 207 Extra"]
[Source "ChessBase"]
[SourceDate "2022.05.31"]
[SourceVersion "1"]
[SourceVersionDate "2022.05.31"]
[SourceQuality "1"]

1. d4 Nf6 2. c4 g6 3. Nc3 Bg7 4. e4 d6 5. Be2 h5 6. Bg5 c5 7. d5 Na6 8. Nf3 Bg4 9. Nd2 Nb4 10. f3 Bd7 11. 0-0 h4 12. a3 Na6 13. Be3 Nh5 14. Qe1 g5 15. f4 Nxf4 16. Bxf4 Bd4+ 17. Kh1 gxf4 18. Rxf4 e5 19. dxe6 Bxe6 20. Nf3 h3 21. g3 Be3 22. Rh4 Rxh4 23. Nxh4 Qf6 24. Qf1 Qe5 25. Nf3 Qf6 26. Nh4 Bd4 27. Qxf6 Bxf6 28. Nf5 Bxf5 29. exf5 Bxc3 30. bxc3 Ke7 31. Bf3 Rb8 32. Re1+ 1/2-1/2

[Event "CHI-ch"]
[Site "Las Condes"]
[Date "2022.02.25"]
[Round "9"]
[White "Lopez Silva, Hugo Andres"]
[Black "Vergara Rozas, Jose Francisco"]
[Result "1-0"]
[WhiteElo "2407"]
[BlackElo "2044"]
[PlyCount "79"]
[EventDate "2022.02.18"]
[EventType "tourn"]
[EventRounds "11"]
[EventCountry "CHI"]
[SourceTitle "CBM 207 Extra"]
[Source "ChessBase"]
[SourceDate "2022.05.31"]
[SourceVersion "1"]
[SourceVersionDate "2022.05.31"]
[SourceQuality "1"]

1. e4 c5 2. Nf3 d6 3. d4 cxd4 4. Nxd4 Nf6 5. Nc3 g6 6. Be3 Bg7 7. f3 0-0 8. Qd2 Nc6 9. 0-0-0 d5 10. exd5 Nxd5 11. Nxc6 bxc6 12. Nxd5 cxd5 13. Qxd5 Qc7 14. Qc5 Qb7 15. b3 Bf5 16. Bd3 Rac8 17. Qa5 Qc6 18. Bxf5 gxf5 19. c4 e5 20. Rd5 Qg6 21. g3 Qh5 22. f4 Qf3 23. Re1 exf4 24. gxf4 Rfe8 25. Qd2 h5 26. Rxf5 Rcd8 27. Qf2 Qe4 28. Rg5 f6 29. Rgg1 Qd3 30. Qd2 Qf5 31. Qg2 Re7 32. Bd2 Red7 33. Re4 Kh7 34. Rd4 Kh8 35. Rd5 Qe6 36. Qg6 Kg8 37. Rxh5 Qb6 38. Rd5 Qc7 39. Rxd7 Qxd7 40. Bc3 1-0

[Event "CHI-ch"]
[Site "Las Condes"]
[Date "2022.02.24"]
[Round "8"]
[White "Vergara Rozas, Jose Francisco"]
[Black "Vasquez Toledo, Cristian"]
[Result "1/2-1/2"]
[WhiteElo "2044"]
[BlackElo "2154"]
[PlyCount "139"]
[EventDate "2022.02.18"]
[EventType "tourn"]
[EventRounds "11"]
[EventCountry "CHI"]
[SourceTitle "CBM 207 Extra"]
[Source "ChessBase"]
[SourceDate "2022.05.31"]
[SourceVersion "1"]
[SourceVersionDate "2022.05.31"]
[SourceQuality "1"]

1. e4 c5 2. Nf3 Nc6 3. d4 cxd4 4. Nxd4 e5 5. Nb5 d6 6. N1c3 a6 7. Na3 Be7 8. Nd5 Nf6 9. Nxe7 Qxe7 10. Bg5 Be6 11. Nc4 Rd8 12. Ne3 0-0 13. c3 h6 14. Bxf6 Qxf6 15. g3 Ne7 16. Bg2 Rd7 17. 0-0 Rfd8 18. c4 b5 19. cxb5 axb5 20. Qe2 Rb7 21. Rfd1 Nc6 22. Qd2 Ra7 23. Nd5 Bxd5 24. Qxd5 Nd4 25. a3 Rc7 26. a4 Rc2 27. Rf1 bxa4 28. Rxa4 Rxb2 29. Ra8 Rxa8 30. Qxa8+ Kh7 31. Qa3 Rc2 32. Qd3 Qe6 33. Qa6 g5 34. h3 Kg7 35. Qd3 Qf6 36. Qd1 Re2 37. Qb1 h5 38. Qd3 Kh6 39. Qa3 g4 40. h4 Kg7 41. Qd3 Qg6 42. Ra1 Kh7 43. Rd1 Qf6 44. Rf1 Kg7 45. Qa3 Rc2 46. Qe3 Rb2 47. Qa3 Rb3 48. Qa8 Ne2+ 49. Kh2 Nd4 50. Qa6 Nf3+ 51. Bxf3 Qxf3 52. Qxd6 Qxe4 53. Qd2 Qf5 54. Re1 Rf3 55. Kg1 Qf6 56. Qb2 Rf5 57. Qd2 Kg6 58. Qd3 Kg7 59. Qd2 Qe6 60. Qe3 Qa2 61. Rc1 Qd5 62. Re1 Kg6 63. Rb1 Qd4 64. Rb6+ f6 65. Qxd4 exd4 66. Rd6 Re5 67. Rxd4 Re6 68. Kg2 Ra6 69. Rb4 Ra3 70. Rb8 1/2-1/2

[Event "CHI-ch"]
[Site "Las Condes"]
[Date "2022.02.21"]
[Round "5"]
[White "Vergara Rozas, Jose Francisco"]
[Black "Palma Neira, Eliseo Maximiliano"]
[Result "1/2-1/2"]
[WhiteElo "2044"]
[BlackElo "2029"]
[PlyCount "140"]
[EventDate "2022.02.18"]
[EventType "tourn"]
[EventRounds "11"]
[EventCountry "CHI"]
[SourceTitle "CBM 207 Extra"]
[Source "ChessBase"]
[SourceDate "2022.05.31"]
[SourceVersion "1"]
[SourceVersionDate "2022.05.31"]
[SourceQuality "1"]

1. e4 e5 2. Nf3 Nc6 3. d4 exd4 4. Nxd4 Nf6 5. Nc3 Bb4 6. Nxc6 bxc6 7. Bd3 d5 8. exd5 cxd5 9. 0-0 c6 10. Re1+ Be7 11. Ne2 0-0 12. Nd4 Bd6 13. h3 c5 14. Nf5 Bxf5 15. Bxf5 g6 16. Bd3 c4 17. Be2 Bc5 18. Bf3 Qb6 19. Rf1 Rad8 20. Rb1 d4 21. b3 Rfe8 22. Bg5 c3 23. Qd3 Re5 24. Bh4 Rde8 25. b4 Be7 26. a4 Ne4 27. a5 Qd8 28. Bxe4 Bxh4 29. Bf3 Bf6 30. Bc6 R8e6 31. Bb5 Re2 32. Qxe2 Rxe2 33. Bxe2 Be5 34. Bd3 Bc7 35. Rfe1 Qd6 36. g3 h5 37. h4 Kg7 38. Re4 f5 39. Re8 f4 40. Rbe1 fxg3 41. R1e6 gxf2+ 42. Kf1 Qf4 43. R8e7+ Kf8 44. Re8+ Kg7 45. Rxg6+ Kf7 46. Re2 Qc1+ 47. Kxf2 Qf4+ 48. Kg2 Qxh4 49. Rf2+ Bf4 50. b5 Ke7 51. b6 Bb8 52. Rg7+ Ke6 53. Bf5+ Kf6 54. bxa7 Bxa7 55. Rxa7 Qg5+ 56. Bg4+ Kg6 57. Rff7 Qxg4+ 58. Kf2 Qd1 59. Rg7+ Kf6 60. Raf7+ Ke5 61. Re7+ Kd5 62. Re2 Qa1 63. Rg5+ Kd6 64. Rxh5 d3 65. cxd3 Qa4 66. Rh6+ Kd7 67. Rh7+ Kd6 68. Rh6+ Kd5 69. Rh5+ Kd6 70. Rh6+ Kd5 1/2-1/2

[Event "CHI-ch"]
[Site "Las Condes"]
[Date "2022.02.18"]
[Round "1"]
[White "Vergara Rozas, Jose Francisco"]
[Black "Barriga Silva, Felipe"]
[Result "0-1"]
[WhiteElo "2044"]
[BlackElo "2162"]
[PlyCount "72"]
[EventDate "2022.02.18"]
[EventType "tourn"]
[EventRounds "11"]
[EventCountry "CHI"]
[SourceTitle "CBM 207 Extra"]
[Source "ChessBase"]
[SourceDate "2022.05.31"]
[SourceVersion "1"]
[SourceVersionDate "2022.05.31"]
[SourceQuality "1"]

1. e4 c5 2. Nf3 Nc6 3. d4 cxd4 4. Nxd4 g6 5. c4 Bg7 6. Be3 Nf6 7. Nc3 Ng4 8. Qxg4 Nxd4 9. 0-0-0 Nc6 10. Qe2 Qa5 11. Rd5 Qc7 12. Nb5 Qb8 13. Qd2 a6 14. Bf4 Ne5 15. Nc3 b6 16. Kb1 d6 17. Bh6 Bxh6 18. Qxh6 Be6 19. Qg7 Rf8 20. Rd4 Qc7 21. f4 Qc5 22. Rd1 Ng4 23. Rc1 Nf2 24. Rg1 Nxe4 25. Be2 Nd2+ 26. Ka1 Qa5 27. Rc2 Nxc4 28. Bxc4 Bxc4 29. Re1 Be6 30. Qxh7 b5 31. Rce2 Kd7 32. a3 b4 33. Ne4 bxa3 34. b3 f5 35. Qxg6 fxe4 36. Qxe4 Qc3+ 0-1

[Event "CHI-ch sf"]
[Site "Quilpue"]
[Date "2022.02.07"]
[Round "8"]
[White "Gutierrez Montes, Sebastian"]
[Black "Vergara Rozas, Jose Francisco"]
[Result "0-1"]
[WhiteElo "2167"]
[BlackElo "2044"]
[PlyCount "78"]
[EventDate "2022.02.04"]
[EventType "swiss"]
[EventRounds "8"]
[EventCountry "CHI"]
[SourceTitle "EXT 2023"]
[Source "ChessBase"]
[SourceDate "2022.10.05"]
[SourceVersion "1"]
[SourceVersionDate "2022.10.05"]
[SourceQuality "1"]

1. e4 e6 2. d4 d5 3. Nc3 Nf6 4. Bg5 Be7 5. e5 Nfd7 6. Bxe7 Qxe7 7. f4 a6 8. Nf3 c5 9. dxc5 Qxc5 10. Qd2 Nc6 11. 0-0-0 Nb6 12. Kb1 Bd7 13. g3 h6 14. Bd3 0-0-0 15. Rhf1 Kb8 16. Qf2 Qa5 17. Nd4 Nxd4 18. Qxd4 Rc8 19. Ne2 Nc4 20. Bxc4 Rxc4 21. Qd2 Qb6 22. c3 Rhc8 23. Rf3 a5 24. Nd4 a4 25. Ka1 Qc5 26. a3 g6 27. g4 Qe7 28. Rh3 Qf8 29. f5 g5 30. Rf3 Qh8 31. Qe3 Re8 32. fxe6 fxe6 33. Rf7 Kc8 34. Nb5 Bxb5 35. Qb6 Bd7 36. Rxd7 Kxd7 37. Qxb7+ Rc7 38. Qb5+ Ke7 39. Rf1 Rb8 0-1

[Event "CHI-ch sf"]
[Site "Quilpue"]
[Date "2022.02.06"]
[Round "5"]
[White "Montero Martinez, Cristian"]
[Black "Vergara Rozas, Jose Francisco"]
[Result "0-1"]
[WhiteElo "1988"]
[BlackElo "2044"]
[PlyCount "108"]
[EventDate "2022.02.04"]
[EventType "swiss"]
[EventRounds "8"]
[EventCountry "CHI"]
[SourceTitle "CBM 206 Extra"]
[Source "ChessBase"]
[SourceDate "2022.03.31"]
[SourceVersion "1"]
[SourceVersionDate "2022.03.31"]
[SourceQuality "1"]

1. d4 Nf6 2. Bf4 b6 3. Nf3 Bb7 4. e3 g6 5. a4 Nc6 6. c3 Bg7 7. Nbd2 0-0 8. b4 a5 9. b5 Nb8 10. Qc2 d6 11. h3 Nbd7 12. Be2 Re8 13. 0-0 e5 14. Bg5 h6 15. Bh4 g5 16. Bg3 e4 17. Nh2 h5 18. h4 g4 19. c4 Qe7 20. Bf4 Nf8 21. Rfe1 N6h7 22. g3 Ng6 23. Nb3 Nhf8 24. Rad1 Nxf4 25. exf4 f5 26. Nf1 Ng6 27. Ne3 Rf8 28. c5 Rad8 29. Bc4+ Kh7 30. Bd5 Bxd5 31. Nxd5 Qf7 32. Ne3 Bh6 33. Ng2 Rg8 34. Nd2 dxc5 35. dxc5 Rd4 36. Nf1 Rgd8 37. Rxd4 Rxd4 38. Nfe3 Bf8 39. cxb6 cxb6 40. Qc8 Rxa4 41. Nxf5 Rc4 42. Qb8 Qxf5 43. Ne3 Qxb5 44. f5 Ne5 45. Qxf8 Nf3+ 46. Kh1 Rc7 47. Qd6 Qc6 48. Qxc6 Rxc6 49. Rd1 a4 50. Kg2 b5 51. Rd7+ Kg8 52. Ra7 Rc1 53. Nf1 Ra1 54. Rd7 Rc1 0-1

[Event "CHI-ch sf"]
[Site "Quilpue"]
[Date "2022.02.06"]
[Round "6"]
[White "Vergara Rozas, Jose Francisco"]
[Black "Amigo Quintana, Antu"]
[Result "1-0"]
[WhiteElo "2044"]
[BlackElo "1824"]
[PlyCount "83"]
[EventDate "2022.02.04"]
[EventType "swiss"]
[EventRounds "8"]
[EventCountry "CHI"]
[SourceTitle "CBM 206 Extra"]
[Source "ChessBase"]
[SourceDate "2022.03.31"]
[SourceVersion "1"]
[SourceVersionDate "2022.03.31"]
[SourceQuality "1"]

1. e4 e5 2. Nf3 Nc6 3. Bc4 Nf6 4. Qe2 Be7 5. 0-0 d6 6. h3 Be6 7. Bb5 Bd7 8. c4 Nb8 9. Bxd7+ Nfxd7 10. d4 exd4 11. Nxd4 Bf6 12. Be3 0-0 13. Nc3 Nc6 14. Rad1 Re8 15. f3 g6 16. Nd5 Bg7 17. b4 Nf8 18. b5 Ne5 19. Nb3 b6 20. Nd4 Ne6 21. f4 Nxd4 22. Bxd4 Nd7 23. Qb2 Bxd4+ 24. Qxd4 f6 25. h4 Re6 26. h5 Kf7 27. hxg6+ hxg6 28. Rf3 Nc5 29. e5 dxe5 30. fxe5 f5 31. Rh3 Kg7 32. Qf4 Qg8 33. Nxc7 Rae8 34. Nxe8+ Rxe8 35. Rd6 Kf7 36. Rf6+ Ke7 37. Qh4 Kd7 38. Qh7+ Qxh7 39. Rxh7+ Kd8 40. Rxa7 Nd7 41. Rd6 Re7 42. e6 1-0

[Event "CHI-ch sf"]
[Site "Talca"]
[Date "2020.01.18"]
[Round "7"]
[White "Vergara Rozas, Jose Francisco"]
[Black "Garcia Cardenas, Pablo"]
[Result "0-1"]
[WhiteElo "2075"]
[BlackElo "2435"]
[PlyCount "122"]
[EventDate "2020.01.15"]
[EventType "swiss"]
[EventRounds "9"]
[EventCountry "CHI"]
[SourceTitle "CBM 194 Extra"]
[Source "ChessBase"]
[SourceDate "2020.03.31"]
[SourceVersion "1"]
[SourceVersionDate "2020.03.31"]
[SourceQuality "1"]

1. e4 c5 2. Nf3 e6 3. d4 cxd4 4. Nxd4 a6 5. Bd3 Bc5 6. Nb3 Be7 7. c4 d6 8. Nc3 Nf6 9. Bf4 b6 10. Bg3 Bb7 11. Qe2 Nbd7 12. 0-0 Ne5 13. Rfd1 Qc7 14. Rac1 0-0 15. h3 Nxd3 16. Qxd3 Rfd8 17. Qc2 Rac8 18. Nd2 Qb8 19. f4 Bc6 20. Kh1 b5 21. cxb5 axb5 22. e5 dxe5 23. fxe5 Nd7 24. a3 b4 25. axb4 Qxb4 26. Nde4 Rb8 27. Rd2 Qa5 28. Rcd1 Nxe5 29. Nd6 Bf6 30. Nce4 Bxe4 31. Qxe4 Qa8 32. Qe2 Ng6 33. Ne4 Be5 34. Bxe5 Nxe5 35. Ng5 Rxd2 36. Rxd2 Qa5 37. b4 Rxb4 38. Ra2 Rb1+ 39. Kh2 Qc7 40. Ra8+ Rb8 41. Rxb8+ Qxb8 42. Kh1 Qb1+ 43. Kh2 Qb8 44. Kh1 h6 45. Ne4 Ng6 46. Qc2 Qe5 47. Nc5 Qc7 48. Qf2 Qc6 49. Nd3 e5 50. Qe3 Qd5 51. Nf2 Nf4 52. Qg3 f5 53. Kh2 Kh7 54. Nh1 Qd2 55. Qf3 e4 56. Qf1 g5 57. Ng3 e3 58. Qf3 Qd5 59. Qf1 Qe5 60. Qa6 e2 61. Qa7+ Kg6 0-1

[Event "CHI-ch sf"]
[Site "Quilpue"]
[Date "2019.01.20"]
[Round "8"]
[White "Gasic Merino, Franco Ignacio"]
[Black "Vergara Rozas, Jose Francisco"]
[Result "1-0"]
[WhiteElo "2166"]
[BlackElo "2127"]
[PlyCount "37"]
[EventDate "2019.01.17"]
[EventType "swiss"]
[EventRounds "8"]
[EventCountry "CHI"]
[SourceTitle "CBM 188 Extra"]
[Source "ChessBase"]
[SourceDate "2019.02.26"]
[SourceVersion "1"]
[SourceVersionDate "2019.02.26"]
[SourceQuality "1"]

1. d4 e6 2. c4 c5 3. d5 Nf6 4. Nc3 d6 5. g3 exd5 6. cxd5 a6 7. a4 g6 8. Bg2 Bg7 9. Nf3 0-0 10. 0-0 Bg4 11. Nd2 b6 12. Nc4 Ra7 13. h3 Bc8 14. Bf4 Ne8 15. Ne4 Rd7 16. Qb3 b5 17. axb5 axb5 18. Qxb5 Rb7 19. Qa5 1-0

[Event "Vina del Mar op 11th"]
[Site "Vina del Mar"]
[Date "2019.??.??"]
[Round "4"]
[White "Arevalo Shuttleton, Felipe"]
[Black "Vergara Rozas, Jose Francisco"]
[Result "1/2-1/2"]
[WhiteElo "1927"]
[BlackElo "2088"]
[PlyCount "146"]
[EventDate "2019.05.19"]
[EventType "swiss"]
[EventRounds "6"]
[EventCountry "CHI"]
[SourceTitle "CBM 190 Extra"]
[Source "ChessBase"]
[SourceDate "2019.07.15"]
[SourceVersion "1"]
[SourceVersionDate "2019.07.15"]
[SourceQuality "1"]

1. e4 c5 2. Nf3 d6 3. d4 cxd4 4. Nxd4 Nf6 5. Nc3 g6 6. f3 Bg7 7. Be3 0-0 8. Qd2 Nc6 9. 0-0-0 Nxd4 10. Bxd4 Be6 11. Kb1 Qa5 12. Nd5 Qd8 13. Nxf6+ exf6 14. Bc3 Qb6 15. Qf4 Rac8 16. Rxd6 Rfd8 17. Rxb6 Rd1+ 18. Qc1 Rxc1+ 19. Kxc1 axb6 20. Kb1 f5 21. Bxg7 Kxg7 22. Bd3 fxe4 23. Bxe4 Rc7 24. Re1 h5 25. h4 Kf6 26. Kc1 Bxa2 27. Kd2 Be6 28. Ra1 Ke5 29. Ke3 f5 30. f4+ Kf6 31. Bd3 Bd5 32. g3 Re7+ 33. Kd2 Be4 34. Ra4 Rd7 35. Ke3 Bg2 36. Rb4 Rd6 37. Rd4 Bd5 38. Kd2 Ke7 39. Kc3 Rc6+ 40. Kb4 Bf7 41. Bc4 Be8 42. c3 Rc8 43. Rd2 Bd7 44. Re2+ Kf6 45. Bd5 Rc7 46. c4 Rc5 47. Bxb7 Be6 48. b3 Rc7 49. Bd5 Bxd5 50. cxd5 Rc5 51. Re6+ Kf7 52. Rxb6 Rxd5 53. Rc6 Rd3 54. Rc3 Rd1 55. Re3 Rf1 56. Kb5 g5 57. fxg5 f4 58. gxf4 Rxf4 59. Rh3 Kg6 60. b4 Kf5 61. Kc5 Kg4 62. Rh1 Kg3 63. b5 Kg2 64. Rb1 Rxh4 65. Rb4 Rh3 66. g6 Rg3 67. Rh4 Rg5+ 68. Kb4 Kg3 69. Rh1 Kg2 70. Rc1 Rxg6 71. Rc6 Rg4+ 72. Kc5 Rg5+ 73. Kc4 Rg4+ 1/2-1/2

[Event "Vina del Mar op 11th"]
[Site "Vina del Mar"]
[Date "2019.??.??"]
[Round "6"]
[White "Rodriguez Fuentealba, Diego"]
[Black "Vergara Rozas, Jose Francisco"]
[Result "0-1"]
[WhiteElo "1589"]
[BlackElo "2088"]
[PlyCount "66"]
[EventDate "2019.05.19"]
[EventType "swiss"]
[EventRounds "6"]
[EventCountry "CHI"]
[SourceTitle "CBM 190 Extra"]
[Source "ChessBase"]
[SourceDate "2019.07.15"]
[SourceVersion "1"]
[SourceVersionDate "2019.07.15"]
[SourceQuality "1"]

1. e4 e5 2. Nf3 Nc6 3. Bb5 a6 4. Ba4 Nf6 5. d3 b5 6. Bb3 h6 7. c3 Be7 8. 0-0 d6 9. h3 0-0 10. Re1 Re8 11. Nbd2 Bf8 12. Nf1 Na5 13. Bc2 c5 14. a4 Bb7 15. Ng3 g6 16. Be3 Qc7 17. Qd2 Kh7 18. Nh2 d5 19. f3 d4 20. Bf2 Nc6 21. Ne2 Rad8 22. Ng4 Nxg4 23. hxg4 c4 24. Red1 Rd7 25. b3 dxc3 26. Qxc3 Nd4 27. Nxd4 exd4 28. Qe1 c3 29. axb5 axb5 30. Rab1 b4 31. g3 f5 32. gxf5 gxf5 33. Kg2 fxe4 0-1

[Event "Villa Tehuelches op"]
[Site "Villa Tehuelches"]
[Date "2017.07.14"]
[Round "7"]
[White "Vergara Rozas, Jose Francisco"]
[Black "Abarca Gonzalez, Nicolas"]
[Result "1/2-1/2"]
[WhiteElo "2123"]
[BlackElo "2382"]
[PlyCount "86"]
[EventDate "2017.07.11"]
[EventType "swiss"]
[EventRounds "7"]
[EventCountry "CHI"]
[SourceTitle "EXT 2018"]
[Source "ChessBase"]
[SourceDate "2017.10.13"]
[SourceVersion "1"]
[SourceVersionDate "2017.10.13"]
[SourceQuality "1"]

1. e4 c5 2. Nf3 Nc6 3. c3 Nf6 4. e5 Nd5 5. d4 cxd4 6. Bc4 Nb6 7. Bb3 g6 8. cxd4 Bg7 9. 0-0 0-0 10. Bf4 d5 11. h3 Bf5 12. Nc3 Na5 13. Bc2 Bxc2 14. Qxc2 Qd7 15. b3 Rfc8 16. Qd2 Nc6 17. Ne2 a5 18. Bh6 a4 19. Ng3 Bf8 20. Qf4 Nd8 21. h4 Ne6 22. Qe3 Rc2 23. h5 Rac8 24. Rac1 Bg7 25. Bxg7 Kxg7 26. Rxc2 Rxc2 27. Ne1 Rc8 28. f4 f5 29. exf6+ exf6 30. f5 Ng5 31. fxg6 Qg4 32. Nd3 Ne4 33. Nxe4 Qxe4 34. h6+ Kg8 35. gxh7+ Kxh7 36. Qxe4+ dxe4 37. Nc5 Kxh6 38. Nxe4 Nd5 39. bxa4 Rc4 40. Nd6 Rxa4 41. Nxb7 Nc3 42. Nc5 Rxd4 43. a4 Rc4 1/2-1/2

[Event "Villa Tehuelches op"]
[Site "Villa Tehuelches"]
[Date "2017.07.14"]
[Round "6"]
[White "Vergara Rozas, Jose Francisco"]
[Black "Ocantos, Manuel"]
[Result "1-0"]
[WhiteElo "2123"]
[BlackElo "2200"]
[PlyCount "87"]
[EventDate "2017.07.11"]
[EventType "swiss"]
[EventRounds "7"]
[EventCountry "CHI"]
[SourceTitle "EXT 2018"]
[Source "ChessBase"]
[SourceDate "2017.10.13"]
[SourceVersion "1"]
[SourceVersionDate "2017.10.13"]
[SourceQuality "1"]

1. e4 c5 2. Nf3 d6 3. Bb5+ Bd7 4. c4 Nc6 5. d4 cxd4 6. Nxd4 Nf6 7. Nc3 e6 8. Be3 Be7 9. f3 0-0 10. 0-0 Qc7 11. Rc1 Nxd4 12. Bxd4 a6 13. Bxd7 Qxd7 14. Kh1 b5 15. cxb5 axb5 16. a3 Rab8 17. Na2 Rfc8 18. Bc3 d5 19. e5 Ne8 20. Nb4 Nc7 21. Nc2 Na6 22. f4 g6 23. Qe1 Nc5 24. Rd1 Na4 25. Rf3 Nxb2 26. Ra1 Na4 27. Nd4 Rc4 28. Rd1 Bxa3 29. Ba1 Bb2 30. Ne2 Rbc8 31. Rh3 Qd8 32. f5 exf5 33. Qd2 Bxa1 34. Rxa1 f4 35. Rf1 Re4 36. Nxf4 Rxe5 37. Nd3 Qg5 38. Qb4 Rf5 39. Re1 Nc3 40. Rg3 Qd2 41. h3 Rc4 42. Re8+ Kg7 43. Qf8+ Kf6 44. Qh8# 1-0

[Event "Villa Tehuelches op"]
[Site "Villa Tehuelches"]
[Date "2017.07.11"]
[Round "2"]
[White "Vergara Rozas, Jose Francisco"]
[Black "Perez, Maximiliano"]
[Result "0-1"]
[WhiteElo "2123"]
[BlackElo "2399"]
[PlyCount "72"]
[EventDate "2017.07.11"]
[EventType "swiss"]
[EventRounds "7"]
[EventCountry "CHI"]
[SourceTitle "EXT 2018"]
[Source "ChessBase"]
[SourceDate "2017.10.13"]
[SourceVersion "1"]
[SourceVersionDate "2017.10.13"]
[SourceQuality "1"]

1. e4 c5 2. Nf3 d6 3. d4 cxd4 4. Nxd4 Nf6 5. Nc3 a6 6. Bg5 e6 7. f4 Nbd7 8. Qf3 h6 9. Bxf6 Nxf6 10. 0-0-0 Qc7 11. f5 e5 12. Nb3 b5 13. Nd5 Nxd5 14. exd5 Be7 15. Kb1 Bd7 16. Nd2 Rc8 17. Bd3 a5 18. Ne4 f6 19. Qh5+ Kf8 20. Qf3 Be8 21. g4 Bf7 22. c4 bxc4 23. Bxc4 Qxc4 24. Rc1 Qa6 25. Rxc8+ Qxc8 26. Rc1 Qa8 27. Nc3 Kg8 28. h4 Kh7 29. g5 fxg5 30. f6 Bxf6 31. hxg5 Bg6+ 32. Ka1 Bxg5 33. Rg1 Rf8 34. Qh3 Qa6 35. a4 Qd3 36. Qd7 Rf1+ 0-1

[Event "Santiago IRT 3rd"]
[Site "Santiago de Chile"]
[Date "2017.06.24"]
[Round "2.1"]
[White "Munoz Rozas, Diego"]
[Black "Vergara Rozas, Jose Francisco"]
[Result "0-1"]
[WhiteElo "1767"]
[BlackElo "2123"]
[PlyCount "60"]
[EventDate "2017.06.24"]
[EventType "swiss"]
[EventRounds "5"]
[EventCountry "CHI"]
[SourceTitle "EXT 2024"]
[Source "ChessBase"]
[SourceDate "2023.10.10"]
[SourceVersion "1"]
[SourceVersionDate "2023.10.10"]
[SourceQuality "1"]

1. e4 c5 2. Nf3 d6 3. g3 Nc6 4. Bg2 Bg4 5. 0-0 Ne5 6. d3 h5 7. c3 h4 8. d4 cxd4 9. cxd4 Nc6 10. Nc3 g6 11. Be3 Bg7 12. Qd2 hxg3 13. fxg3 Nf6 14. Rae1 Rc8 15. Bf2 Nd7 16. Qf4 Bxf3 17. Qxf3 Nxd4 18. Qd1 Nc6 19. Qb3 Na5 20. Qd5 Rh5 21. e5 Bxe5 22. Bxa7 e6 23. Rxe5 Nxe5 24. Qb5+ Nac6 25. Bb6 Qd7 26. Qe2 f5 27. Qf2 Ng4 28. Qe1 Rxh2 29. Nd5 Rxg2+ 30. Kxg2 Nce5 0-1

[Event "Villa Martelli zt 2.5"]
[Site "Villa Martelli"]
[Date "2017.05.06"]
[Round "7"]
[White "Perez Pietronave, Carlos"]
[Black "Vergara Rozas, Jose Francisco"]
[Result "0-1"]
[WhiteElo "2250"]
[BlackElo "2117"]
[PlyCount "74"]
[EventDate "2017.04.30"]
[EventType "swiss"]
[EventRounds "9"]
[EventCountry "ARG"]
[SourceTitle "CBM 178 Extra"]
[Source "ChessBase"]
[SourceDate "2017.06.22"]
[SourceVersion "1"]
[SourceVersionDate "2017.06.22"]
[SourceQuality "1"]

1. e4 c5 2. Nf3 d6 3. d4 cxd4 4. Nxd4 Nf6 5. Nc3 g6 6. Be2 Bg7 7. 0-0 0-0 8. Be3 Nc6 9. Nb3 Be6 10. f4 Qd7 11. Qe1 Rfc8 12. Rd1 a5 13. Nc5 Qc7 14. Nxe6 fxe6 15. Nb5 Qb8 16. f5 exf5 17. exf5 Ne5 18. fxg6 hxg6 19. c3 Neg4 20. Qg3 Nxe3 21. Qxe3 Kf7 22. g4 Rc5 23. g5 Re5 24. Qd2 Qh8 25. gxf6 Bxf6 26. Kh1 Qh4 27. Nd4 Rh8 28. Bf3 Kg7 29. Qf2 Qh6 30. Rg1 Bg5 31. Rg2 Be3 32. Qc2 Rf8 33. Bg4 Qf4 34. Ne2 Qg5 35. Nd4 Bxd4 36. cxd4 Re3 37. h3 Qh4 0-1

[Event "Villa Martelli zt 2.5"]
[Site "Villa Martelli"]
[Date "2017.04.30"]
[Round "1"]
[White "Valerga, Diego"]
[Black "Vergara Rozas, Jose Francisco"]
[Result "1-0"]
[WhiteElo "2452"]
[BlackElo "2117"]
[PlyCount "113"]
[EventDate "2017.04.30"]
[EventType "swiss"]
[EventRounds "9"]
[EventCountry "ARG"]
[SourceTitle "CBM 178 Extra"]
[Source "ChessBase"]
[SourceDate "2017.06.22"]
[SourceVersion "1"]
[SourceVersionDate "2017.06.22"]
[SourceQuality "1"]

1. e4 e6 2. d4 d5 3. Nc3 Nf6 4. Bg5 Be7 5. e5 Nfd7 6. Bxe7 Qxe7 7. f4 a6 8. Nf3 c5 9. dxc5 Qxc5 10. Qd2 Nc6 11. 0-0-0 b5 12. Bd3 Nb6 13. Rhe1 Nc4 14. Bxc4 bxc4 15. Nd4 Bd7 16. Nxc6 Bxc6 17. Qd4 Qxd4 18. Rxd4 0-0-0 19. b3 cxb3 20. axb3 Kb7 21. Kb2 Rc8 22. Rb4+ Ka7 23. Ra1 Rb8 24. Rd4 Rhc8 25. Nb1 f6 26. Nd2 fxe5 27. fxe5 Rf8 28. Nf3 h6 29. Rg4 Rf7 30. Nd4 Bd7 31. Rg6 Re8 32. Re1 Ree7 33. Re3 Kb7 34. Rf3 Rxf3 35. gxf3 Kc7 36. Kc3 Bc8 37. f4 a5 38. Kd2 Bd7 39. Ke3 Kd8 40. Rg1 Kc7 41. Rg6 Kd8 42. h4 Kc7 43. f5 exf5 44. Kf4 Kb7 45. e6 Be8 46. Rg1 g6 47. h5 gxh5 48. Ke5 Rc7 49. Nxf5 Kb6 50. Rg8 Bc6 51. Nd4 h4 52. Nxc6 Kxc6 53. Kf6 Kd6 54. Rd8+ Kc5 55. e7 Rxe7 56. Kxe7 h3 57. Ke6 1-0

[Event "Antofagasta Zicosur op 3rd"]
[Site "Antofagasta"]
[Date "2017.01.14"]
[Round "8"]
[White "Vergara Rozas, Jose Francisco"]
[Black "Obregon, Carlos Andres"]
[Result "0-1"]
[WhiteElo "2005"]
[BlackElo "2502"]
[PlyCount "126"]
[EventDate "2017.01.10"]
[EventType "swiss"]
[EventRounds "9"]
[EventCountry "CHI"]
[SourceTitle "CBM 176 Extra"]
[Source "ChessBase"]
[SourceDate "2017.03.02"]
[SourceVersion "1"]
[SourceVersionDate "2017.03.02"]
[SourceQuality "1"]

1. e4 c5 2. Nf3 Nc6 3. d4 cxd4 4. Nxd4 e6 5. Nb5 d6 6. Bf4 e5 7. Be3 Nf6 8. N1c3 a6 9. Na3 Be6 10. Bg5 Be7 11. Bxf6 Bxf6 12. Nc4 Nd4 13. Ne3 Rc8 14. Bd3 Bg5 15. Ncd5 0-0 16. 0-0 Nc6 17. Be2 g6 18. c3 Kh8 19. a4 Ne7 20. Nxe7 Qxe7 21. Nd5 Qd8 22. Qd3 f5 23. Bf3 Bh6 24. c4 a5 25. b3 Rc6 26. Rad1 Qd7 27. Qe2 Bg5 28. Rd3 Bd8 29. Rfd1 f4 30. h3 h5 31. Qd2 Re8 32. Nc3 Bc7 33. Nb5 Rd8 34. Kh2 Qe7 35. Kg1 Kg7 36. Qe2 Bb6 37. Qd2 Bc7 38. Qe2 Kh6 39. Qd2 Kh7 40. Qe2 Bf7 41. Kh2 Bb6 42. Qd2 Bc5 43. Kg1 b6 44. Nc3 Be6 45. Qe2 Qh4 46. Nd5 Kh6 47. Kf1 Rd7 48. Rc1 Rf7 49. Ke1 g5 50. Qf1 g4 51. hxg4 hxg4 52. Bd1 Kg6 53. Ke2 Rc8 54. Rc2 Rh8 55. f3 Rfh7 56. Kd2 Qg5 57. Kc1 Rh1 58. Qe2 R8h2 59. Kb2 g3 60. Ka2 Bh3 61. Rcd2 Rxg2 62. Qxg2 Bxg2 63. Rxg2 Rh2 0-1